Rulers of Russia Quiz Stats

 Plays Quiz Updated Jan 24, 2019

     
Support Sporcle.
Go Orange.
Score 0/36 Timer 08:00
3 Plays Today
Year(s) Tsar/Ruler/Emperor % Correct
1533-1584Ivan IV (the Terrible)
87.7%
1325-1340Ivan I
86%
1825-1855Nicholas I
85.3%
1353-1359Ivan II
85.3%
1462-1505Ivan III (the Great)
85.2%
1682-1725Peter I (the Great)
84.8%
1894-1917Nicholas II
84.8%
1727-1730Peter II
80.6%
1762-1796Catherine II (the Great)
80.4%
1682-1696Ivan V
78.4%
1762Peter III
77.7%
1725-1727Catherine I
76.6%
1801-1825Alexander I
76.2%
1855-1881Alexander II
75.7%
1740-1741Ivan VI
75.5%
1881-1894Alexander III
70.1%
1613-1645Michael
42.6%
1796-1801Paul
39.1%
Year(s) Tsar/Ruler/Emperor % Correct
1730-1740Anna
36.3%
1741-1762Elizabeth
35.8%
1303-1325Yury of Moscow
34.6%
1598-1605Boris Godunov
34.1%
1584-1598Feodor I
32.1%
1605Feodor II
31.5%
1676-1682Feodor III
30.2%
1389-1425Vasili I
30.1%
1425-1462Vasili II
29.9%
1505-1533Vasili III
29%
1263-1303Daniel of Moscow
28.4%
1606-1610Vasili IV
27.5%
1359-1389Dmitri Donskoi
27.4%
1645-1676Aleksey of Russia
27%
1605-1606False Dmitri I
26%
1825*Constantine
25.4%
1610-1613Vladislav
23.4%
1340-1353Simeon
21.7%

From the Vault

Sporcle Speed-Picking IV

by BillyJoelRulez

You can pick your friends and you can pick your quizzes, but you can't pick for friends' quizzes.
Remove Ads.
Support Sporcle.
Get the best of Sporcle when you Go Orange. This ad-free experience offers more features, more stats, and more fun while also helping to support Sporcle. Thank you for becoming a member.

Show Comments

Extras

Top Quizzes Today


Score Distribution

Your Account Isn't Verified!

In order to create a playlist on Sporcle, you need to verify the email address you used during registration. Go to your Sporcle Settings to finish the process.

Report this User

Report this user for behavior that violates our Community Guidelines.

Details: